000 00521nam a2200169Ia 4500
003 GCL
008 140319s9999 xx 000 0 ara d
040 _aGCL /
_cGCL
082 0 4 _a662.66
_bم ت
100 1 _aابوبكر صديق سالم
245 1 0 _aتكرير البترول التكنولوجيا المعاصرة /
_cابوبكر صديق سالم
260 _a[S.N] :
_bدار الثقافة العربية ،
_c1989
300 _a360 ص
490 _a
650 0 4 _aهندسة بترول
942 _2ddc
_cBK
999 _c53507
_d53507